00717npc a2200193Ia 4500001001200000003001000012005001700022008004100039040002500080041000700105100003300112245002200145260004700167300001100214500007900225650001500304654001200319700019200331db16-47792 IT-MiCISF20231016112042.0161014s9999||||xx | und|| aIT-MiCISFcIT-MiCISF ait aRicci Sindoni Paola (et al.) 0aEducare alla vita a Roma,bAssociazione Scienza e Vita,c2009 app. 75 aeducazione, vita, educazione-morale, accoglienza-della-vita, affettività aeducazione adossier aD'Agostino F., Alici L., Bompiani A., Di Pietro M.L., Barcellona P., Corradi M., Pellicanò P.aGomarasca P., De Marinis M.G., Patriarca E., Dalla Torre P., Costanzo G., Delle Foglie A.